000 00542nam a2200169Ia 4500
008 090201s9999 xx 000 0 und d
010 _aKPL-61042
040 _bमराठी
041 _aमराठी
082 _a972
_b61042
100 _aआर टी जगदाळे
245 _aदंश केला मीच मला
_cआर टी जगदाळे
260 _c2004
_bजगदाळे सुनीता
300 _a59
_bमोठा
600 _aदंश केला मीच मला
942 _cBOOK
999 _c202079
_d202079